00327nam a2200145Ia 4500008004100000041000800041100002100049245001900070260002800089300000900117520001200126520001500138650000900153999001900162230605s1987 xx 000 0 und d aeng aLillian Hogaland aFood Chemistry bC.B.S.Publicationc1987 a385p aGeneral aHard Board aC.S. c419954d419954